[Event "Seniorenkampioenschap 2011"]
[Site "Oosterbeek, Netherlands"]
[Date "2011.07.13"]
[Round "5"]
[White "Mostertman, Loek"]
[Black "Plijter, Martin"]
[Result "1-0"]
[WhiteElo "1990"]
[BlackElo "1926"]
[PlyCount "61"]
[EventDate "2011.??.??"]

1. d4 Nf6 2. c4 g6 3. Nc3 d5 4. cxd5 Nxd5 5. e3 Bg7 6. Nf3 O-O 7. Bc4 Nb6 8.
Bb3 Nc6 9. O-O Bf5 10. Nh4 Bd7 11. f4 e5 12. Nxg6 hxg6 13. fxe5 Na5 14. Bc2 Be6
15. Ne4 Nd7 16. Qf3 Bd5 17. Qf4 Bxe4 18. Bxe4 Nc6 19. b3 Qe7 20. Bb2 Rae8 21.
Rad1 Nd8 22. h4 c6 23. Bb1 Qe6 24. h5 Nxe5 25. dxe5 Bxe5 26. Bxe5 Qxe5 27. Qxe5
Rxe5 28. hxg6 Rxe3 29. gxf7+ Nxf7 30. Rd7 Ne5 31. Bh7+ 1-0

[Event "Seniorenkampioenschap 2011"]
[Site "Oosterbeek, Netherlands"]
[Date "2011.07.13"]
[Round "5"]
[White "Urk, Auke van"]
[Black "Caljé, Tom"]
[Result "1/2-1/2"]
[WhiteElo "1972"]
[BlackElo "1985"]
[PlyCount "44"]
[EventDate "2011.??.??"]

1. e4 e6 2. d4 d5 3. Nc3 Nc6 4. Nf3 Nf6 5. e5 Ne4 6. Bd3 f5 7. exf6 Nxf6 8. O-O
Bd6 9. Nb5 O-O 10. c4 e5 11. dxe5 Nxe5 12. Nxe5 Bxe5 13. f4 Bd6 14. Nxd6 Qxd6
15. cxd5 Qxd5 16. Qc2 Kh8 17. Be3 b6 18. Be2 Bf5 19. Qb3 Rae8 20. Bc4 Qb7 21.
Bc5 Bc2 22. Qxc2 bxc5 1/2-1/2

[Event "Seniorenkampioenschap 2011"]
[Site "Oosterbeek, Netherlands"]
[Date "2011.07.13"]
[Round "5"]
[White "Vreugdenhil, Frans"]
[Black "Duijker, Bert"]
[Result "1-0"]
[WhiteElo "1969"]
[BlackElo "1918"]
[PlyCount "67"]
[EventDate "2011.??.??"]

1. e4 d6 2. d4 g6 3. c4 Bg7 4. Nc3 Nc6 5. Nf3 Bg4 6. d5 Nd4 7. Qa4+ Bd7 8. Qd1
c5 9. Be3 Bg4 10. h3 Nxf3+ 11. gxf3 Bd7 12. f4 Qa5 13. Bd2 f5 14. f3 Qc7 15.
Qe2 Nh6 16. e5 O-O-O 17. e6 Be8 18. Qd3 Ng8 19. Qc2 Nf6 20. Bd3 Rf8 21. Ne2 Nh5
22. Rb1 Kb8 23. Kf2 Ka8 24. a3 Rc8 25. Rhc1 a6 26. b4 b6 27. Be3 Bh6 28. Qd2
Ba4 29. Nc3 Be8 30. Rb2 Bg7 31. Rcb1 Bxc3 32. Qxc3 Ba4 33. bxc5 bxc5 34. Rb6
1-0

[Event "Seniorenkampioenschap 2011"]
[Site "Oosterbeek, Netherlands"]
[Date "2011.07.13"]
[Round "5"]
[White "Olof, Erik"]
[Black "Peut, Aart van de"]
[Result "1/2-1/2"]
[WhiteElo "1906"]
[BlackElo "1925"]
[PlyCount "96"]
[EventDate "2011.??.??"]

1. d4 e6 2. c4 Nf6 3. g3 d5 4. Bg2 c6 5. Nf3 Be7 6. O-O O-O 7. b3 b5 8. a4 bxc4
9. bxc4 Ba6 10. Nbd2 Nbd7 11. Qc2 Rc8 12. Ba3 c5 13. Qa2 dxc4 14. Ne5 Nxe5 15.
dxe5 Nd7 16. f4 Nb6 17. a5 Qd4+ 18. Kh1 Nd5 19. Nf3 Qe3 20. Bc1 Qb3 21. h4 Rfd8
22. Qa3 Nc3 23. Re1 Nb5 24. Qa2 Nd4 25. Nxd4 Rxd4 26. Bf3 Rcd8 27. e3 Rd3 28.
Kh2 Qb4 29. Qf2 Bf8 30. Kh3 c3 31. Qc2 c4 32. Be4 Rd2 33. Bxd2 Rxd2 34. Reb1
Rxc2 35. Rxb4 Rb2 36. Rba4 Bc5 37. Rc1 Bb4 38. Rc2 Rb3 39. Ra1 g6 40. g4 Bb5
41. h5 Kg7 42. Kg3 Rb2 43. a6 Bc6 44. Rxc3 Bxc3 45. Bxc6 Re2 46. Kf3 Rxe3+ 47.
Kxe3 Bxa1 48. hxg6 hxg6 1/2-1/2

[Event "Seniorenkampioenschap 2011"]
[Site "Oosterbeek, Netherlands"]
[Date "2011.07.14"]
[Round "6"]
[White "Klein, Ron"]
[Black "Visser, Gerrit"]
[Result "1-0"]
[WhiteElo "2035"]
[BlackElo "2022"]
[PlyCount "91"]
[EventDate "2011.??.??"]

1. d4 e6 2. c4 f5 3. g3 Nf6 4. Bg2 Bb4+ 5. Nd2 a5 6. Ngf3 O-O 7. O-O Qe8 8. Ne5
c5 9. Nb3 cxd4 10. Nxd4 Nc6 11. Nef3 Qe7 12. Nb5 Bc5 13. Bf4 e5 14. Bg5 d6 15.
Nc3 Be6 16. Nd5 Qf7 17. Bxf6 gxf6 18. Nd2 f4 19. Ne4 fxg3 20. hxg3 Bxd5 21.
Qxd5 Qxd5 22. cxd5 Nd4 23. e3 Nf5 24. g4 Nh4 25. Nxc5 dxc5 26. Be4 Rfd8 27.
Rac1 Rac8 28. Kh2 Rc7 29. Kg3 Ng6 30. Bf5 Nf8 31. e4 Rd6 32. Rc2 b6 33. f4
exf4+ 34. Kxf4 Ng6+ 35. Bxg6 hxg6 36. Rh1 Rh7 37. Rch2 Rxh2 38. Rxh2 Kg7 39.
Rd2 g5+ 40. Kf5 Kf7 41. e5 fxe5 42. Kxe5 Ke7 43. Rh2 Rg6 44. Rh7+ Kd8 45. d6
Rg8 46. Kd5 1-0

[Event "Seniorenkampioenschap 2011"]
[Site "Oosterbeek, Netherlands"]
[Date "2011.07.14"]
[Round "6"]
[White "Vlam, Horatio"]
[Black "Berg, Ad van den"]
[Result "1/2-1/2"]
[WhiteElo "2144"]
[BlackElo "2245"]
[PlyCount "101"]
[EventDate "2011.??.??"]

1. c4 Nf6 2. Nc3 e6 3. e4 d5 4. cxd5 exd5 5. e5 Ne4 6. Nf3 Bf5 7. d4 Bb4 8. Qb3
Nc6 9. Bb5 O-O 10. O-O Nxc3 11. bxc3 Be7 12. Qd1 Na5 13. Bd3 Bxd3 14. Qxd3 b6
15. Qf5 Qc8 16. Qh5 Qe6 17. Ng5 Qf5 18. g4 Qc2 19. Be3 Nc4 20. Rac1 Qd3 21.
Rcd1 Qg6 22. Qxg6 hxg6 23. Nh3 Rfd8 24. Rde1 c5 25. Re2 Rac8 26. Bg5 Bxg5 27.
Nxg5 cxd4 28. cxd4 Na3 29. e6 fxe6 30. Rxe6 Re8 31. Rxg6 Nb5 32. Rd1 Rc2 33.
Re6 Rxe6 34. Nxe6 Nc3 35. Rd3 Kf7 36. Ng5+ Kg6 37. h4 Ne2+ 38. Kh2 Rxa2 39. Nh3
b5 40. Re3 Nxd4 41. Rd3 Ne6 42. Rxd5 b4 43. h5+ Kf7 44. Rb5 a5 45. g5 Rc2 46.
Rxa5 Rc5 47. Ra7+ Rc7 48. Rxc7+ Nxc7 49. Nf4 b3 50. Nd3 Ne6 51. h6 1/2-1/2

[Event "Seniorenkampioenschap 2011"]
[Site "Oosterbeek, Netherlands"]
[Date "2011.07.14"]
[Round "6"]
[White "Schouten, Nico"]
[Black "Broekman, Willem"]
[Result "1-0"]
[WhiteElo "2187"]
[BlackElo "2018"]
[PlyCount "129"]
[EventDate "2011.??.??"]

1. d4 e6 2. c4 Nf6 3. Nc3 d5 4. Bg5 c6 5. e3 Nbd7 6. Nf3 Qa5 7. Nd2 Bb4 8. Qc2
O-O 9. Be2 e5 10. dxe5 Ne4 11. Ndxe4 dxe4 12. O-O Bxc3 13. bxc3 Re8 14. Rad1
Qxe5 15. Bf4 Qa5 16. Bd6 Nf8 17. Rd4 Bf5 18. c5 b5 19. a4 Ne6 20. Rb4 a6 21.
Qb2 Qd8 22. axb5 axb5 23. c4 bxc4 24. Rxc4 Qa5 25. Bd1 Rac8 26. Bc2 Qb5 27. Qc3
Nc7 28. Rb1 Nd5 29. Rxb5 Nxc3 30. Rbb4 Nd5 31. Ra4 Ra8 32. h3 Nf6 33. Kf1 Be6
34. Rcb4 Rxa4 35. Rxa4 Bd5 36. Ke2 g6 37. Kd2 Re6 38. Kc3 Ne8 39. Ra8 Kg7 40.
Bg3 Re7 41. Ba4 f6 42. Rc8 Re6 43. Kb4 Kf7 44. Ka5 Ke7 45. Kb6 Kd7 46. Ra8 h5
47. Ra7+ Kc8 48. h4 f5 49. Bf4 Nf6 50. Rc7+ Kd8 51. Bg5 Ke8 52. Bxf6 Rxf6 53.
Bxc6+ Kf8 54. Kb7 Bc4 55. g3 g5 56. hxg5 Rg6 57. Rc8+ Ke7 58. Re8+ Kf7 59. Re5
Rxg5 60. Bd5+ Bxd5+ 61. Rxd5 Ke6 62. Rd6+ Ke5 63. Rd7 h4 64. gxh4 Rg1 65. c6
1-0

[Event "Seniorenkampioenschap 2011"]
[Site "Oosterbeek, Netherlands"]
[Date "2011.07.14"]
[Round "6"]
[White "Etmans, Maarten"]
[Black "Lanen, Toon van"]
[Result "1-0"]
[WhiteElo "2037"]
[BlackElo "2128"]
[PlyCount "65"]
[EventDate "2011.??.??"]

1. e4 d5 2. Nc3 d4 3. Nb1 g6 4. Bc4 Bg7 5. Nf3 Nf6 6. d3 O-O 7. O-O Nc6 8. h3
Na5 9. Na3 a6 10. Qe1 Nxc4 11. Nxc4 Be6 12. Na5 c5 13. Nxb7 Qc8 14. Na5 Bxh3
15. gxh3 Qxh3 16. Nh2 Ng4 17. Bf4 f5 18. f3 e5 19. fxg4 exf4 20. Rf3 Qh6 21.
Qf1 fxg4 22. Nxg4 Qg5 23. Qg2 Rae8 24. Nc4 h5 25. Nge3 Qh6 26. Nd5 g5 27. Raf1
Kh8 28. Qh2 Kg8 29. Rh3 h4 30. Rhf3 Qh5 31. Kh1 Re6 32. Qg2 Rg6 33. Ne7+ 1-0

[Event "Seniorenkampioenschap 2011"]
[Site "Oosterbeek, Netherlands"]
[Date "2011.07.14"]
[Round "6"]
[White "Leeuwen, Etienne van"]
[Black "Mostertman, Loek"]
[Result "1-0"]
[WhiteElo "2072"]
[BlackElo "1990"]
[PlyCount "79"]
[EventDate "2011.??.??"]

1. e4 e5 2. Nf3 Nc6 3. d4 exd4 4. Bc4 Nf6 5. e5 d5 6. Bb5 Ne4 7. Nxd4 Bd7 8.
Bxc6 bxc6 9. O-O Be7 10. f3 Nc5 11. f4 Ne4 12. Nc3 f5 13. Nxe4 fxe4 14. e6 Bc8
15. Be3 O-O 16. Nxc6 Qd6 17. Nxe7+ Qxe7 18. f5 Ba6 19. Rf2 Rad8 20. Qg4 Rf6 21.
Bg5 Kf8 22. Qh4 h6 23. Bxf6 Qxf6 24. Qxf6+ gxf6 25. Re1 Ke7 26. Re3 c5 27. Rd2
Bb7 28. Rg3 Kd6 29. Rg7 Bc8 30. Rf7 e3 31. Re2 d4 32. Rxf6 c4 33. Rxh6 Ke5 34.
e7 Re8 35. f6 Be6 36. c3 Ke4 37. cxd4 Kd3 38. Kf1 Bg4 39. Re1 e2+ 40. Kf2 1-0

[Event "Seniorenkampioenschap 2011"]
[Site "Oosterbeek, Netherlands"]
[Date "2011.07.14"]
[Round "6"]
[White "Jonkman, Fokke"]
[Black "Vosselman, Jan"]
[Result "1/2-1/2"]
[WhiteElo "2009"]
[BlackElo "2064"]
[PlyCount "165"]
[EventDate "2011.??.??"]

1. c4 e6 2. Nf3 d5 3. g3 c6 4. Bg2 Nf6 5. b3 b5 6. cxb5 cxb5 7. Bb2 Be7 8. O-O
O-O 9. d3 Bb7 10. Nbd2 Nbd7 11. Nd4 Qb6 12. e3 Nc5 13. N2f3 b4 14. Ne5 Bd6 15.
Ndf3 a5 16. Re1 Rfc8 17. Bd4 Rc7 18. Bf1 Rac8 19. h4 Ne8 20. Bh3 Re7 21. Nxf7
Rxf7 22. Bxe6 Be7 23. Bxf7+ Kxf7 24. Ne5+ Kg8 25. Nd7 Qe6 26. Nxc5 Bxc5 27. Rc1
Bd6 28. Rxc8 Bxc8 29. Qf3 Nf6 30. Rc1 Bd7 31. Qg2 Bb5 32. Qf1 Qf5 33. Rd1 Nd7
34. Qg2 Qh5 35. Rc1 Nf6 36. Rc8+ Kf7 37. Bxf6 gxf6 38. g4 Qe5 39. d4 Qe6 40.
Ra8 Be2 41. Rxa5 Bxg4 42. Qxd5 Qxd5 43. Rxd5 Ke6 44. Rb5 Bf3 45. h5 h6 46. Kf1
f5 47. Ke1 Bxh5 48. e4 Bf3 49. exf5+ Ke7 50. Rb6 h5 51. f6+ Kd7 52. f7 Bf8 53.
Rf6 Be4 54. d5 Bxd5 55. Rf5 Be6 56. Rxh5 Bxf7 57. Rf5 Ke6 58. Ra5 Bd6 59. Ke2
Bg6 60. Ra6 Kd5 61. f3 Be8 62. Ke3 Bc6 63. Ra5+ Bc5+ 64. Kd3 Bb7 65. a3 Kd6 66.
axb4 Bxb4 67. Ra4 Kc5 68. f4 Bd5 69. Kc2 Be4+ 70. Kb2 Kb5 71. Ka2 Bf5 72. Ra7
Bc5 73. Rg7 Be4 74. Rg5 Kb4 75. f5 Bd5 76. Rg4+ Kc3 77. Rg7 Kd4 78. f6 Ke5 79.
Rg5+ Ke6 80. f7 Be7 81. Rh5 Be4 82. Rh4 Bg6 83. Rf4 1/2-1/2

[Event "Seniorenkampioenschap 2011"]
[Site "Oosterbeek, Netherlands"]
[Date "2011.07.14"]
[Round "6"]
[White "Landsbergen, Ron"]
[Black "Caljé, Tom"]
[Result "1/2-1/2"]
[WhiteElo "1991"]
[BlackElo "1985"]
[PlyCount "34"]
[EventDate "2011.??.??"]

1. d4 d5 2. Nf3 Nc6 3. Bf4 Bg4 4. Nbd2 e6 5. c3 Bd6 6. Bxd6 cxd6 7. e3 f5 8.
Be2 Nf6 9. O-O O-O 10. h3 Bxf3 11. Nxf3 Qe7 12. c4 dxc4 13. Bxc4 d5 14. Bb5 Nd8
15. Ne5 Nf7 16. Nxf7 Qxf7 17. Rc1 a6 1/2-1/2

[Event "Seniorenkampioenschap 2011"]
[Site "Oosterbeek, Netherlands"]
[Date "2011.07.14"]
[Round "6"]
[White "Monte, Peter"]
[Black "Vreugdenhil, Frans"]
[Result "1-0"]
[WhiteElo "1987"]
[BlackElo "1969"]
[PlyCount "59"]
[EventDate "2011.??.??"]

1. f4 e5 2. e4 exf4 3. Nf3 g5 4. d4 g4 5. Bxf4 gxf3 6. Qxf3 d5 7. Nc3 Bb4 8.
O-O-O Bxc3 9. bxc3 Be6 10. c4 c6 11. exd5 cxd5 12. Be5 Qg5+ 13. Rd2 f6 14. cxd5
Bg4 15. Bb5+ Nd7 16. Qc3 Ne7 17. h4 Qg7 18. Bd6 O-O 19. Re1 Rfc8 20. Qb3 Ng6
21. h5 Bxh5 22. Qh3 Nf4 23. Bxf4 Bg4 24. Qb3 Kh8 25. g3 Re8 26. Rh1 h5 27. d6
Rac8 28. Qd5 a6 29. Bd3 b5 30. Rdh2 1-0

[Event "Seniorenkampioenschap 2011"]
[Site "Oosterbeek, Netherlands"]
[Date "2011.07.14"]
[Round "6"]
[White "Plijter, Martin"]
[Black "Urk, Auke van"]
[Result "0-1"]
[WhiteElo "1926"]
[BlackElo "1972"]
[PlyCount "64"]
[EventDate "2011.??.??"]

1. e4 d6 2. d4 g6 3. Nf3 Bg7 4. Bc4 e6 5. Nc3 Ne7 6. Be3 h6 7. Qd2 a6 8. a4 b6
9. d5 e5 10. Ng1 f5 11. f4 Nd7 12. Nf3 Nc5 13. Bxc5 bxc5 14. fxe5 dxe5 15. Qf2
Qd6 16. a5 O-O 17. h4 Rb8 18. b3 Bd7 19. Qe2 Rb4 20. Nd2 Kh7 21. Bxa6 c6 22.
Nc4 Qf6 23. d6 Nd5 24. exd5 e4 25. O-O Qxc3 26. Nb6 Rxb6 27. axb6 Bd4+ 28. Kh1
cxd5 29. Bb5 Bxb5 30. Ra7+ Kh8 31. Rxf5 gxf5 32. Qxb5 Qe3 0-1

[Event "Seniorenkampioenschap 2011"]
[Site "Oosterbeek, Netherlands"]
[Date "2011.07.14"]
[Round "6"]
[White "Wille, Ruud"]
[Black "Olof, Erik"]
[Result "1/2-1/2"]
[WhiteElo "1911"]
[BlackElo "1906"]
[PlyCount "37"]
[EventDate "2011.??.??"]

1. e4 c5 2. Nc3 Nc6 3. d3 g6 4. g3 Bg7 5. Bg2 d6 6. Be3 e6 7. Qd2 Rb8 8. Nge2
Nd4 9. Nd1 Nxe2 10. Qxe2 Ne7 11. O-O O-O 12. f4 Qc7 13. c3 b5 14. g4 f5 15. h3
Bb7 16. Nf2 a5 17. Rae1 Rfe8 18. Rd1 b4 19. d4 1/2-1/2

[Event "Seniorenkampioenschap 2011"]
[Site "Oosterbeek, Netherlands"]
[Date "2011.07.14"]
[Round "6"]
[White "Peut, Aart van de"]
[Black "Montsma, Foppe-Jan"]
[Result "1/2-1/2"]
[WhiteElo "1925"]
[BlackElo "1914"]
[PlyCount "30"]
[EventDate "2011.??.??"]

1. e4 d6 2. Nc3 g6 3. f4 Bg7 4. Nf3 a6 5. g3 c5 6. Bg2 Nc6 7. O-O Qc7 8. Nd5
Qd8 9. c3 e6 10. Ne3 Nge7 11. d3 O-O 12. f5 exf5 13. exf5 Nxf5 14. Nxf5 Bxf5
15. Ng5 d5 1/2-1/2

[Event "Seniorenkampioenschap 2011"]
[Site "Oosterbeek, Netherlands"]
[Date "2011.07.15"]
[Round "7"]
[White "Berg, Ad van den"]
[Black "Klein, Ron"]
[Result "1-0"]
[WhiteElo "2245"]
[BlackElo "2035"]
[PlyCount "83"]
[EventDate "2011.??.??"]

1. e4 e6 2. d4 d5 3. Nc3 Bb4 4. e5 Qd7 5. Bd2 b6 6. Bb5 c6 7. Ba4 Ba6 8. h4 Ne7
9. h5 h6 10. Nce2 Bxd2+ 11. Qxd2 Bb5 12. Bb3 c5 13. c3 Ba4 14. g4 Bxb3 15. axb3
Nbc6 16. f4 cxd4 17. Nxd4 Nxd4 18. Qxd4 Qb5 19. Qa4 Qxa4 20. Rxa4 Kd7 21. b4 a5
22. b5 Rac8 23. Ne2 Rhg8 24. Kf2 f6 25. Ke3 fxe5 26. fxe5 g6 27. Rf4 gxh5 28.
Rxh5 Rg5 29. Nd4 Rxh5 30. gxh5 Rg8 31. Rf7 Ke8 32. Rf6 Rg5 33. Rxe6 Kf7 34.
Rxh6 Rxe5+ 35. Kd2 Rg5 36. Rxb6 Rxh5 37. Rb7 Rh2+ 38. Kc1 Kf6 39. b6 Nf5 40.
Nxf5 Kxf5 41. Ra7 Ke4 42. Rxa5 1-0

[Event "Seniorenkampioenschap 2011"]
[Site "Oosterbeek, Netherlands"]
[Date "2011.07.15"]
[Round "7"]
[White "Leeuwen, Etienne van"]
[Black "Schouten, Nico"]
[Result "0-1"]
[WhiteElo "2072"]
[BlackElo "2187"]
[PlyCount "52"]
[EventDate "2011.??.??"]

1. e4 e5 2. Nf3 Nc6 3. d4 exd4 4. Bc4 Nf6 5. e5 d5 6. Bb5 Ne4 7. Nxd4 Bd7 8.
Bxc6 bxc6 9. O-O Be7 10. f3 Nc5 11. f4 Ne4 12. Nc3 Nxc3 13. bxc3 c5 14. Ne2 Bc6
15. Be3 O-O 16. Ng3 f5 17. Qd2 Rb8 18. Rab1 Rb6 19. Rb3 Bb5 20. Qf2 Bxf1 21.
Nxf1 c4 22. Rxb6 axb6 23. Nd2 Qd7 24. Nf3 c5 25. Ng5 h6 26. Nf3 Ra8 0-1

[Event "Seniorenkampioenschap 2011"]
[Site "Oosterbeek, Netherlands"]
[Date "2011.07.15"]
[Round "7"]
[White "Etmans, Maarten"]
[Black "Vlam, Horatio"]
[Result "1-0"]
[WhiteElo "2037"]
[BlackElo "2144"]
[PlyCount "125"]
[EventDate "2011.??.??"]

1. b3 d6 2. Bb2 Nd7 3. d4 Ngf6 4. Nf3 g6 5. g3 Bg7 6. Bg2 O-O 7. O-O e5 8. d5
e4 9. Ne1 Re8 10. e3 b5 11. a4 b4 12. c4 bxc3 13. Nxc3 Rb8 14. Nb5 Bb7 15. Nxa7
Bxd5 16. Nb5 Ne5 17. Bxe5 Rxe5 18. Rb1 Bb7 19. Nc2 Rd5 20. Qc1 Ba6 21. b4 Qd7
22. Ncd4 c5 23. bxc5 dxc5 24. Ne2 Rd2 25. Nec3 Qd3 26. Rd1 Rxd1+ 27. Qxd1 Rd8
28. Qb3 c4 29. Qb4 Bxb5 30. Nxb5 Nd5 31. Qe1 Bc3 32. Nxc3 Nxc3 33. Ra1 Qd2 34.
Qxd2 Rxd2 35. Bf1 Ne2+ 36. Bxe2 Rxe2 37. a5 Rb2 38. a6 Rb8 39. a7 Ra8 40. Kf1
f5 41. Ke2 Kf7 42. Ra6 Ke7 43. Kd2 Kd7 44. Kc3 Kc7 45. Kxc4 Kb7 46. Ra2 Rc8+
47. Kd5 Ka8 48. Ke5 Rc6 49. g4 Rc5+ 50. Kf4 fxg4 51. Kxe4 Rf5 52. Kd4 Rh5 53.
f3 gxf3 54. e4 g5 55. e5 Rh4+ 56. Kd5 Rf4 57. e6 Rf8 58. e7 Rh8 59. Ke6 g4 60.
Rd2 Kxa7 61. Rd8 f2 62. Rf8 h5 63. e8=Q 1-0

[Event "Seniorenkampioenschap 2011"]
[Site "Oosterbeek, Netherlands"]
[Date "2011.07.15"]
[Round "7"]
[White "Visser, Gerrit"]
[Black "Jonkman, Fokke"]
[Result "0-1"]
[WhiteElo "2022"]
[BlackElo "2009"]
[PlyCount "78"]
[EventDate "2011.??.??"]

1. e4 c5 2. Nf3 g6 3. d4 cxd4 4. Nxd4 Bg7 5. c4 Nc6 6. Be3 Nf6 7. Nc3 O-O 8.
Be2 d6 9. O-O Bd7 10. Nb3 Be6 11. c5 d5 12. exd5 Nxd5 13. Nxd5 Bxd5 14. Qc1 Qc7
15. Rd1 Rfd8 16. Bf4 Be5 17. Bg3 Bxg3 18. hxg3 Qe5 19. Bf1 Nb4 20. Rd4 Bxb3 21.
Rxd8+ Rxd8 22. axb3 a6 23. Qc3 Nc6 24. b4 Qd4 25. b5 Qxc3 26. bxc3 axb5 27.
Bxb5 Rd5 28. Bxc6 bxc6 29. Ra5 Kg7 30. f4 g5 31. Kf2 Kf6 32. Ke3 Ke6 33. c4 Rf5
34. Ke4 h5 35. Ke3 h4 36. gxh4 Rxf4 37. g3 Rxc4 38. h5 Rc3+ 39. Kf2 g4 0-1

[Event "Seniorenkampioenschap 2011"]
[Site "Oosterbeek, Netherlands"]
[Date "2011.07.15"]
[Round "7"]
[White "Lanen, Toon van"]
[Black "Mostertman, Loek"]
[Result "1-0"]
[WhiteElo "2128"]
[BlackElo "1990"]
[PlyCount "81"]
[EventDate "2011.??.??"]

1. e4 e5 2. Nf3 Nc6 3. d4 exd4 4. Nxd4 Nf6 5. Nxc6 bxc6 6. Bd3 d5 7. exd5 cxd5
8. O-O Bd6 9. Bg5 O-O 10. c4 dxc4 11. Bxc4 Rb8 12. Qc1 Re8 13. Nc3 Be6 14. Bb5
c6 15. Bxc6 Bxh2+ 16. Kxh2 Qd6+ 17. Bf4 Ng4+ 18. Kh1 Qxc6 19. Bxb8 Rxb8 20. f3
Ne5 21. Ne4 Qe8 22. Qg5 Ng6 23. b3 Rb5 24. Nd6 Rxg5 25. Nxe8 Nf4 26. Rf2 h5 27.
Nc7 Bc8 28. Rd1 Kh7 29. Rd4 Ne6 30. Nxe6 Bxe6 31. Ra4 a5 32. Rd2 Rc5 33. Kh2 g5
34. Kg3 h4+ 35. Kf2 Kg6 36. Rad4 Rc1 37. Rd6 Rh1 38. Ra6 Kh5 39. Rxa5 h3 40.
gxh3 Rxh3 41. Rd8 1-0

[Event "Seniorenkampioenschap 2011"]
[Site "Oosterbeek, Netherlands"]
[Date "2011.07.15"]
[Round "7"]
[White "Vosselman, Jan"]
[Black "Monte, Peter"]
[Result "1-0"]
[WhiteElo "2064"]
[BlackElo "1987"]
[PlyCount "135"]
[EventDate "2011.??.??"]

1. d4 f5 2. g3 Nf6 3. Bg2 e6 4. c4 Be7 5. Nc3 d6 6. f4 O-O 7. Nf3 Qe8 8. O-O c6
9. Qc2 d5 10. c5 Nbd7 11. Ne5 Nxe5 12. fxe5 Nh5 13. b4 b6 14. Bd2 g5 15. Na4
Rb8 16. Rfb1 Ba6 17. Nc3 Bc4 18. Be1 g4 19. e3 Bg5 20. Bf2 Ng7 21. Ne2 Qc8 22.
Nf4 Qa6 23. Qc3 bxc5 24. dxc5 Qa4 25. Bf1 Bxf1 26. Kxf1 Rf7 27. Be1 Bxf4 28.
exf4 Ne8 29. Rb3 Qa6+ 30. Qd3 Qc8 31. a4 a6 32. Rd1 Nc7 33. Rb2 Qd7 34. Qd4 Rb7
35. Rdb1 Rf8 36. Ke2 Rfb8 37. Kd3 Qe8 38. Bc3 Qh5 39. Be1 Qh3 40. b5 Qf1+ 41.
Kc2 axb5 42. Ba5 Qe2+ 43. Kc3 Qf3+ 44. Kd2 Qe4 45. Qxe4 dxe4 46. Bxc7 Rxc7 47.
axb5 Rd8+ 48. Kc3 Rd5 49. Kc4 cxb5+ 50. Rxb5 Kg7 51. Rc1 Rd2 52. Rb6 Kf7 53.
Rd6 Rxh2 54. c6 Ke7 55. Kc5 Rc8 56. Rd7+ Ke8 57. Rg7 Kf8 58. Rb7 Ke8 59. c7 Rd2
60. Kc6 Rd7 61. Kb6 Rd2 62. Rh1 Rb2+ 63. Kc6 Rc2+ 64. Kd6 Kf7 65. Kd7 Rh8 66.
Kd6 Rd2+ 67. Kc5 Kg6 68. Rb8 1-0

[Event "Seniorenkampioenschap 2011"]
[Site "Oosterbeek, Netherlands"]
[Date "2011.07.15"]
[Round "7"]
[White "Broekman, Willem"]
[Black "Landsbergen, Ron"]
[Result "1/2-1/2"]
[WhiteElo "2018"]
[BlackElo "1991"]
[PlyCount "108"]
[EventDate "2011.??.??"]

1. d4 Nf6 2. c4 c5 3. d5 e6 4. Nc3 exd5 5. cxd5 d6 6. Nf3 g6 7. Nd2 Bg7 8. e4
O-O 9. Be2 Re8 10. O-O b6 11. a4 Ba6 12. Re1 Bxe2 13. Rxe2 Ng4 14. Nf3 Nd7 15.
h3 Nge5 16. Nxe5 Bxe5 17. g3 Qf6 18. Nb5 Qf3 19. Qf1 Re7 20. Bg5 f6 21. Re3 Qh5
22. Bf4 a6 23. Nc7 Rc8 24. g4 Qh4 25. Ne6 c4 26. Bxe5 fxe5 27. Rc1 b5 28. axb5
axb5 29. b3 Rf7 30. bxc4 bxc4 31. Qg2 Nf8 32. Rec3 Nxe6 33. dxe6 Re7 34. Rxc4
Rxc4 35. Rxc4 Qf6 36. Rc8+ Kg7 37. Qf1 Qxe6 38. Rc3 Rf7 39. Qe2 Ra7 40. Kg2 Rf7
41. Rf3 Rxf3 42. Qxf3 h6 43. h4 Qe7 44. Kg3 Qe6 45. Qe3 Qf7 46. Qc1 Qb7 47. f3
Qa7 48. Kh3 Qf7 49. Qe3 Qd7 50. Qb6 Qf7 51. Kg2 Qe7 52. Qb8 Qd7 53. Qb6 Kf7 54.
Kg3 Kg7 1/2-1/2

[Event "Seniorenkampioenschap 2011"]
[Site "Oosterbeek, Netherlands"]
[Date "2011.07.15"]
[Round "7"]
[White "Urk, Auke van"]
[Black "Wille, Ruud"]
[Result "1/2-1/2"]
[WhiteElo "1972"]
[BlackElo "1911"]
[PlyCount "29"]
[EventDate "2011.??.??"]

1. e4 c6 2. d4 d5 3. exd5 cxd5 4. c4 Nf6 5. Nc3 e6 6. Bg5 Be7 7. Nf3 O-O 8. a3
Nc6 9. Rc1 dxc4 10. Bxc4 a6 11. O-O b5 12. Ba2 Bb7 13. Qd3 b4 14. Bb1 g6 15.
Na4 1/2-1/2

[Event "Seniorenkampioenschap 2011"]
[Site "Oosterbeek, Netherlands"]
[Date "2011.07.15"]
[Round "7"]
[White "Caljé, Tom"]
[Black "Plijter, Martin"]
[Result "1-0"]
[WhiteElo "1985"]
[BlackElo "1926"]
[PlyCount "67"]
[EventDate "2011.??.??"]

1. e4 e6 2. d4 d5 3. Nc3 Nf6 4. Bg5 Be7 5. e5 Nfd7 6. h4 a6 7. Qg4 f6 8. Be3
Kf7 9. Nf3 c5 10. O-O-O Nc6 11. Nxd5 exd5 12. e6+ Kf8 13. Qh5 Qe8 14. Qxe8+
Kxe8 15. exd7+ Bxd7 16. dxc5 Be6 17. Nd4 Nxd4 18. Bxd4 Kf7 19. Be2 Rac8 20. b4
Rc7 21. c3 a5 22. a3 axb4 23. axb4 f5 24. Bf3 Rd8 25. Kb2 Ra8 26. g3 Rd7 27.
Ra1 Rdd8 28. Rhe1 g6 29. Rxa8 Rxa8 30. Rd1 Rd8 31. Ra1 h6 32. Ra7 Bc8 33. Kb3
Rd7 34. Ra8 1-0

[Event "Seniorenkampioenschap 2011"]
[Site "Oosterbeek, Netherlands"]
[Date "2011.07.15"]
[Round "7"]
[White "Duijker, Bert"]
[Black "Peut, Aart van de"]
[Result "0-1"]
[WhiteElo "1918"]
[BlackElo "1925"]
[PlyCount "78"]
[EventDate "2011.??.??"]

1. Nf3 Nf6 2. b3 d5 3. Bb2 c5 4. d4 e6 5. e3 Nc6 6. c4 cxd4 7. exd4 Bb4+ 8. Bc3
Bxc3+ 9. Nxc3 Qa5 10. Qd2 O-O 11. Be2 Rd8 12. O-O Ne4 13. Nxe4 dxe4 14. Qxa5
Nxa5 15. Ne5 f6 16. Ng4 Rxd4 17. Rfd1 e5 18. Ne3 Be6 19. Nc2 Rdd8 20. Nb4 Nc6
21. Nxc6 bxc6 22. Kf1 c5 23. Rxd8+ Rxd8 24. Rd1 Rd4 25. Ke1 f5 26. g3 g5 27.
Bh5 Kf8 28. Rd2 g4 29. Ke2 Ke7 30. Ke1 a5 31. a4 Rd3 32. Rb2 f4 33. Rb1 Bf5 34.
Rb2 f3 35. Rd2 e3 36. Rxd3 exf2+ 37. Kxf2 Bxd3 38. Bxg4 e4 39. Bf5 e3+ 0-1